=LDR 00000nam 2200000 4500 =001 INLIS000000000046914 =005 20160520105507.0 =006 =007 =008 =020 ##$$a 978-979-1296-28-1 =035 ##$$0010-061500000000003 =082 ##$$a 2x3.53-Has-d =100 ##$$a Syaikh Muhammad Hassan =245 ##$$a Detik-detik pengadilan Allah Swt =250 ##$$a Cet. 1 =260 ##$$a Surakarta $b Insan Kamil $c 2008 =300 ##$$a 480 Hlm $c 21 Cm =850 ##$$aNBPNMAT =990 ##$$a 0138/BPAP-NTB/2015